00599nam a2200169 a 4500001001000000003000900010005001700019008004100036040002500077049000900102245006700111260002900178300002100207942001400228952017000242999001700412000033428DO-SdBNP20210630160339.0110829s1942 dr 000 0 spa d aDO-SdBNPbspacBNPHU aBNPD13aLa política internacional de Trujillo /cJoaquín Balaguer. aBogota :b[s.n.],c1942. a126 p. ;c20 cm. 2ddccLBS1 001050718RVaPDbPDcHDd2011-08-29iLF1l0o p33428-10r2020-06-25w2020-06-25y1zPerteneció a la biblioteca personal de Germán Emilio Ornes.ZNo se presta c32919d32919